Příběhy řecké filozofie : Sokrates a ti druzí /

Hlavní autor: De Crescenzo, Luciano, 1928-2019
Další autoři: Papírníková, Iva
Jazyk: Čeština
Vydáno: Praha : Dokořán, 2004
Vydání: 1. vyd. v českém jazyce.
Témata:
Externí odkaz: Digitalizovaný dokument
Fyzický popis: 189 s. ; 21 cm
Knihy
Uloženo v:
LEADER 01741nam a2200433 a 4500
001 000706568
003 CZ BrMZK
005 20101118101922.0
007 ta
008 040219s2004 xr e f 000 cze d
015 |a cnb001303756 
020 |a 80-86569-66-7  |q (váz.) :  |c Kč 225,00 
035 |a (OCoLC)56848872 
040 |a BOA001  |b cze 
041 1 |a cze  |h ita 
043 |a e-gr--- 
072 7 |a 14(3)  |x Antická, starověká filozofie  |2 Konspekt  |9 5 
080 |a 14(38)  |2 MRF 
080 |a 101-051  |2 MRF 
080 |a (38)  |2 MRF 
080 |a (0.062)  |2 MRF 
100 1 |a De Crescenzo, Luciano,  |d 1928-2019  |7 jn19990001664  |4 aut 
245 1 0 |a Příběhy řecké filozofie :  |b Sokrates a ti druzí /  |c Luciano De Crescenzo ; přeložila Iva Papírníková 
250 |a 1. vyd. v českém jazyce. 
260 |a Praha :  |b Dokořán,  |c 2004 
300 |a 189 s. ;  |c 21 cm 
500 |a Přeloženo z italštiny 
504 |a Obsahuje bibliografické odkazy a rejstřík 
500 |a Dostupné též v digitální podobě v aplikaci Kramerius 
650 0 7 |a řecká antická filozofie  |7 ph128248  |2 czenas 
650 0 7 |a filozofové  |7 ph117191  |z starověké Řecko  |2 czenas 
655 7 |a populárně-naučné publikace  |7 fd131864  |2 czenas 
700 1 |a Papírníková, Iva  |7 xx0019390  |4 trl 
765 0 |t Storia della filosofia greca  |9 Česky 
856 4 1 |u http://www.digitalniknihovna.cz/mzk/uuid/uuid:eabc8db0-06bd-11e6-a611-005056827e51  |y Digitalizovaný dokument  |x NDK 
910 |a BOA001  |b 2-1129.964 
990 |a BK 
996 6 |b 2610212591  |c 2-1129.964  |l MZK  |r Sklad / do 1 hodiny  |n 1  |p p.v.  |w 000706568  |u 000010  |a 1  |e BOA001  |j MZK50  |s P 
996 7 |b 2610215395  |c 2-1129.964  |l Vol.výběr  |r VV 0p  |n 62  |p kup  |h 14(3) DEC  |w 000706568  |u 000020  |a 0  |e BOA001  |j MZK50  |s A